Doubts remain over benefits of GM crops (Record no. 73062)

MARC details
000 -LEADER
fixed length control field 00933cam a2200193 4500
001 - CONTROL NUMBER
control field WB3927-17
008 - FIXED-LENGTH DATA ELEMENTS--GENERAL INFORMATION
fixed length control field 030716n2003 000 0 eng u
035 ## - SYSTEM CONTROL NUMBER
System control number (Sirsi) u123028
245 ## - TITLE STATEMENT
Title Doubts remain over benefits of GM crops
260 ## - PUBLICATION, DISTRIBUTION, ETC.
Date of publication, distribution, etc. 2003
490 ## - SERIES STATEMENT
Series statement Cabinet Office Press Release
Volume/sequential designation (CAB 043/03) 11 July 2003 (3)
520 ## - SUMMARY, ETC.
Summary, etc. The government strategy unit has published its report "Field work: weighing up the costs and benefits of GM crops", which examines the overall situation over the next 10-15 years regarding the growing of genetically modified crops. It concludes that the economic benefits are likely to be limited and the future development depends on the effectiveness of the regulatory system. http://www.cabinet-office.gov.uk/news/2003/030711_sureport.asp
590 ## - LOCAL NOTE (RLIN)
Local note WB
650 ## - SUBJECT ADDED ENTRY--TOPICAL TERM
Topical term or geographic name entry element GENETICALLY MODIFIED CROPS
650 ## - SUBJECT ADDED ENTRY--TOPICAL TERM
Topical term or geographic name entry element FARMING
650 ## - SUBJECT ADDED ENTRY--TOPICAL TERM
Topical term or geographic name entry element AGRICULTURE
690 ## - LOCAL SUBJECT ADDED ENTRY--TOPICAL TERM (OCLC, RLIN)
Topical term or geographic name as entry element Rural
9 (RLIN) 6268
942 ## - ADDED ENTRY ELEMENTS (KOHA)
Suppress in OPAC 0
Holdings
Withdrawn status Lost status Source of classification or shelving scheme Damaged status Not for loan Home library Current library Shelving location Date acquired Total Checkouts Full call number Barcode Date last seen Copy number Price effective from Koha item type
    Dewey Decimal Classification     London London News article 16/07/2003   WB3927-17 123028-1001 06/08/2019 1 06/08/2019 News article